| 000 | 00651nam a2200193 a 4500 | ||
|---|---|---|---|
| 001 | 2294 | ||
| 003 | CDMR | ||
| 005 | 20130327100931.0 | ||
| 008 | 130130s1913||||||||||||||||||||||||||||d | ||
| 040 |
_aCDMR _bcat _cCDMR |
||
| 100 | 1 |
_aPi i Margall, Francesc _91710 |
|
| 245 | 1 | 3 |
_aLa qüestió de Catalunya _cF. Pi i Margall ; traducció catalana i pròleg d'A. Rovira i Virgili _b: escrits i discursos |
| 260 |
_aBarcelona _c1913 _bSocietat Catalana d'Edicions |
||
| 300 |
_a151 p ; _c19 cm |
||
| 490 | 0 |
_aSocietat Catalana d'Edicions _v10 |
|
| 500 | _aConté biografia de 14 pàgines | ||
| 700 | 1 |
_aRovira i Virgili, Antoni _etrad. _9139 |
|
| 942 |
_cMON _2udc |
||
| 999 |
_c2294 _d2294 |
||